George C. Scott Filmography - Statistics

General Stats
  • This quiz has been taken 9 times
    5 since last reset
  • The average score is 33 of 129
Answer Stats
Type Year Name % Correct
Film 1970 Patton
100%
Film 1971 The Hospital
80%
Film 1961 The Hustler
80%
Film 1959 Anatomy of a Murder
60%
Film 1964 Dr. Strangelove
60%
Film 1990 The Exorcist III
60%
Film 1971 They Might Be Giants
60%
TV Film 1997 12 Angry Men
40%
TV Film 1984 A Christmas Carol
40%
Film 1974 Bank Shot
40%
TV Film 1976 Beauty and the Beast
40%
TV Film 1983 China Rose
40%
TV Film 1986 Choices
40%
TV Film 1997 Country Justice
40%
TV Film 1993 Curacao
40%
TV Film 1990 Descending Angel
40%
TV Film 1975 Fear on Trial
40%
TV Film 1991 Finding the Way Home
40%
Film 1984 Firestarter
40%
Film 1999 Gloria
40%
Film 1979 Hardcore
40%
Theater 1996 Inherit the Wind
40%
TV Film 1999 Inherit the Wind
40%
Film 1977 Islands in the Stream
40%
TV Film 1970 Jane Eyre
40%
Film 1993 Malice
40%
TV Film 1969 Mirror, Mirror Off the Wall
40%
Film 1978 Movie Movie
40%
Film 1966 Not with My Wife, You Don't
40%
Film 1973 Oklahoma Crude
40%
TV Film 1982 Oliver Twist
40%
TV Film 1987 Pals
40%
Film 1968 Petulia
40%
Film 1972 Rage
40%
Film 1981 Taps
40%
Film 1980 The Changeling
40%
TV Film 1967 The Crucible
40%
Film 1973 The Day of the Dolphin
40%
Film 1967 The Flim-Flam Man
40%
Film 1980 The Formula
40%
Film 1959 The Hanging Tree
40%
Film 1975 The Hindenburg
40%
TV Film 1986 The Last Days of Patton
40%
Film 1963 The List of Adrian Messenger
40%
TV Film 1986 The Murders in the Rue Morgue
40%
Film 1972 The New Centurions
40%
Film 1990 The Rescuers Down Under
40%
Film 1974 The Savage Is Loose
40%
TV Film 1995 Tyson
40%
Theater 1974-1975 All God's Chillun Got Wings
20%
Film 1995 Angus
20%
TV Show 1961 Ben Casey
20%
TV Show 1965 Bob Hope Presents the Chrysler Theatre
20%
TV Special 1990 Cartoon All-Stars to the Rescue
20%
Theater 1958 Comes a Day
20%
Theater 1975-1976 Death of a Salesman
20%
Theater 1984-1985 Design for Living
20%
TV Show 1960 Dow Hour of Great Mysteries
20%
Theater 1967 Dr. Cook's Garden
20%
TV Show 1963-1964 East Side/West Side
20%
Theater 1962 General Seeger
20%
TV Show 1961 Golden Showcase
20%
TV Show 1994 In the Heat of the Night
20%
TV Show 1958 Kraft Theatre
20%
TV Documentary 1981 Mister Lincoln
20%
Documentary Series 1962 Monitor
20%
TV Show 1987-1988 Mr. President
20%
TV Mini-Series 1985 Mussolini: The Untold Story
20%
TV Show 1962 Naked City
20%
TV Show 1995 New York News
20%
TV Show 1958 Omnibus
20%
Theater 1991-1992 On Borrowed Time
20%
TV Show 1959 Playhouse 90
20%
TV Show 1960 Play of the Week
20%
Theater 1968-1970 Plaza Suite
20%
Theater 1982-1983 Present Laughter
20%
TV Film 1999 Rocky Marciano
20%
Theater 1976-1978 Sly Fox
20%
TV Show 1959 Sunday Showcase
20%
Documentary Mini-Series 1974 The American Parade
20%
Theater 1959-1960 The Andersonville Trial
20%
TV Film 1970 The Andersonville Trial
20%
Film 1966 The Bible: In the Beginning...
20%
Theater 1986 The Boys in Autumn
20%
TV Show 1962 The Eleventh Hour
20%
Documentary 1983 The Indomitable Teddy Roosevelt
20%
Film 1971 The Last Run
20%
Theater 1967-1968 The Little Foxes
20%
TV Film 1961 The Power and the Glory
20%
TV Film 1971 The Price
20%
Film 1977 The Prince and the Pauper
20%
TV Show 1965 The Red Skelton Hour
20%
TV Show 1966 The Road West
20%
TV Film 1989 The Ryan White Story
20%
TV Show 1959 The United States Steel Hour
20%
TV Show 1962 The Virginian
20%
Theater 1960-1961 The Wall
20%
TV Film 1994 The Whipping Boy
20%
Film 1965 The Yellow Rolls-Royce
20%
TV Film 1969 This Savage Land
20%
TV Mini-Series 1996 Titanic
20%
TV Show 1994 Traps
20%
Theater 1980 Tricks of the Trade
20%
Theater 1973 Uncle Vanya
20%
TV Film 1959 Winterset
20%
Theater 1958 As You Like It
0%
Documentary Series 1991 Brute Force
0%
TV Show 1977 Camera Three
0%
TV Documentary 1981 Casey Stengel
0%
Theater 1958 Children of Darkness
0%
Theater 1988 Clarence Darrow
0%
Theater 1963 Desire Under the Elms
0%
TV Film 1960 Don Juan in Hell
0%
TV Show 1958 DuPont Show of the Month
0%
TV Documentary 1972 From Yellowstone to Tomorrow
0%
Theater 1962 Great Day in the Morning
0%
Commercial 1998 HBO
0%
TV Show 1971 ITV Saturday Night Theatre
0%
Commercial 1986 Renault Alliance
0%
Theater 1957-1958 Richard III
0%
Commercial 1988 Senator Lowell Weicker
0%
Award Show 1976 The 30th Annual Tony Awards
0%
TV Show 1951 The Bigelow Theatre
0%
TV Show 1970 The Kraft Music Hall
0%
Theater 1962 The Merchant of Venice
0%
TV Show 1969-1974 The Mike Douglas Show
0%
TV Play 1958 The Outcasts of Poker Flat
0%
TV Documentary 1997 The Searchers
0%
Theater 1993 Wrong Turn at Lungfish
0%
No matching quizzes found
Score Distribution
Percent of People with Each Score
Percentile by Number Answered
Your Score History
You have not taken this quiz since the last reset